[Event "Belgrade Winter op"]
[Site "Belgrade"]
[Date "2006.01.24"]
[Round "4"]
[White "Skare, Goran"]
[Black "Trifunovic, Dragoljub"]
[Result "1-0"]
[WhiteElo "2303"]
[BlackElo "2107"]
[PlyCount "55"]
[EventDate "2006.01.21"]
[EventType "swiss"]
[EventRounds "9"]
[EventCountry "YUG"]
[SourceTitle "CBM 110 Extra"]
[Source "ChessBase"]
[SourceDate "2006.03.10"]
[SourceVersion "2"]
[SourceVersionDate "2006.03.10"]
[SourceQuality "1"]

1. d4 Nf6 2. c4 g6 3. Nc3 Bg7 4. e4 d6 5. Be2 0-0 6. Bg5 h6 7. Bd2 e5 8. d5 Kh8 9. g4 Ng8 10. h4 f5 11. h5 f4 12. hxg6 Qf6 13. f3 Qxg6 14. Qc2 Nf6 15. 0-0-0 Nh7 16. Nh3 a6 17. Bd3 Qf7 18. Rdg1 Qe7 19. Ne2 Nd7 20. g5 Nc5 21. gxh6 Nxd3+ 22. Qxd3 Bxh6 23. Nhxf4 Bxf4 24. Nxf4 Rxf4 25. Bxf4 exf4 26. Qd4+ Qe5 27. Qxe5+ dxe5 28. Rg6 1-0

[Event "Belgrade Winter op"]
[Site "Belgrade"]
[Date "2006.01.23"]
[Round "3"]
[White "Miladinovic, Lena"]
[Black "Trifunovic, Dragoljub"]
[Result "1/2-1/2"]
[WhiteElo "1765"]
[BlackElo "2107"]
[PlyCount "74"]
[EventDate "2006.01.21"]
[EventType "swiss"]
[EventRounds "9"]
[EventCountry "YUG"]
[SourceTitle "CBM 110 Extra"]
[Source "ChessBase"]
[SourceDate "2006.03.10"]
[SourceVersion "2"]
[SourceVersionDate "2006.03.10"]
[SourceQuality "1"]

1. e4 e5 2. Nf3 Nc6 3. d4 exd4 4. Nxd4 Bc5 5. Be3 Qf6 6. c3 Nge7 7. Bc4 0-0 8. 0-0 d6 9. f4 Bb6 10. Na3 Ng6 11. Qd2 Bd7 12. f5 Nge5 13. Bg5 Nxd4 14. Kh1 Nef3 15. gxf3 Qe5 16. cxd4 Bxd4 17. Rab1 Kh8 18. Be3 Bxe3 19. Qxe3 Bxf5 20. Qg5 Bg6 21. Qxe5 dxe5 22. Nb5 a6 23. Nc3 c6 24. Rbd1 Rad8 25. Rxd8 Rxd8 26. Rd1 Rd4 27. Bb3 b5 28. Ne2 Rxd1+ 29. Bxd1 Kg8 30. Nc1 Kf8 31. Nd3 f6 32. Nb4 Be8 33. Nxa6 Ke7 34. Nc5 Kd6 35. b4 g5 36. Kg2 h5 37. Kg3 Bg6 1/2-1/2

[Event "Belgrade Winter op"]
[Site "Belgrade"]
[Date "2006.01.22"]
[Round "2"]
[White "Trifunovic, Dragoljub"]
[Black "Jovicic, Radosav"]
[Result "0-1"]
[WhiteElo "2107"]
[BlackElo "2235"]
[PlyCount "36"]
[EventDate "2006.01.21"]
[EventType "swiss"]
[EventRounds "9"]
[EventCountry "YUG"]
[SourceTitle "CBM 110 Extra"]
[Source "ChessBase"]
[SourceDate "2006.03.10"]
[SourceVersion "2"]
[SourceVersionDate "2006.03.10"]
[SourceQuality "1"]

1. e4 c5 2. Nf3 a6 3. a4 e6 4. d4 cxd4 5. Nxd4 Nf6 6. Bd3 e5 7. Nb3 b6 8. 0-0 Bb7 9. Qe2 d6 10. a5 b5 11. Bg5 Be7 12. N1d2 0-0 13. c4 b4 14. Bxf6 Bxf6 15. c5 d5 16. exd5 Bxd5 17. Be4 Nc6 18. Qf3 Bxe4 0-1

[Event "Belgrade tt Cup"]
[Site "Belgrade"]
[Date "2005.04.08"]
[Round "4"]
[White "Ivanovic, Nikola"]
[Black "Trifunovic, Dragoljub"]
[Result "0-1"]
[WhiteElo "2207"]
[BlackElo "2064"]
[PlyCount "84"]
[EventDate "2005.04.05"]
[EventType "team-tourn"]
[EventRounds "5"]
[EventCountry "YUG"]
[SourceTitle "CBM 105 Extra"]
[Source "ChessBase"]
[SourceDate "2005.05.01"]
[SourceVersion "1"]
[SourceVersionDate "2005.05.01"]
[SourceQuality "1"]

1. d4 Nf6 2. c4 g6 3. Nc3 Bg7 4. Nf3 0-0 5. g3 d6 6. Bg2 Nbd7 7. 0-0 c5 8. e4 cxd4 9. Nxd4 Ne5 10. b3 Qa5 11. Bb2 Bd7 12. h3 Qb6 13. Rb1 a6 14. Nc2 Rad8 15. Qe2 Rfe8 16. Ne3 Nh5 17. Kh2 e6 18. Rbd1 Bc8 19. Rd2 Rd7 20. Rfd1 Red8 21. Na4 Qc7 22. Bd4 Qc6 23. f4 b5 24. Nb2 bxc4 25. bxc4 Qb7 26. fxe5 dxe5 27. Bc3 Rd4 28. Nd3 Qe7 29. Bxd4 exd4 30. Nf4 Nxg3 31. Kxg3 Be5 32. Ng4 Qg5 33. Qf3 h5 34. h4 Qxg4+ 35. Qxg4 hxg4 36. Kxg4 f5+ 37. Kg5 Kg7 38. exf5 gxf5 39. Ng6 Bf6+ 40. Kh5 Bd7 41. Bc6 Bxc6 42. Rg1 Be8 0-1

[Event "Belgrade tt Cup"]
[Site "Belgrade"]
[Date "2005.04.07"]
[Round "3"]
[White "Trifunovic, Dragoljub"]
[Black "Davidovic, Ljubisa"]
[Result "1-0"]
[WhiteElo "2064"]
[BlackElo "2037"]
[PlyCount "73"]
[EventDate "2005.04.05"]
[EventType "team-tourn"]
[EventRounds "5"]
[EventCountry "YUG"]
[SourceTitle "CBM 105 Extra"]
[Source "ChessBase"]
[SourceDate "2005.05.01"]
[SourceVersion "1"]
[SourceVersionDate "2005.05.01"]
[SourceQuality "1"]

1. e4 e6 2. d4 d5 3. Nc3 Bb4 4. e5 Ne7 5. a3 Bxc3+ 6. bxc3 c5 7. Bd3 Qc7 8. Nf3 Bd7 9. 0-0 Ba4 10. Rb1 Nd7 11. Re1 Rc8 12. Be3 cxd4 13. cxd4 Nb6 14. Re2 Nc4 15. Bc1 b6 16. Qe1 a5 17. Nd2 Ng6 18. g3 0-0 19. Bxc4 dxc4 20. c3 Bc6 21. f4 Ba8 22. Ne4 Qc6 23. h3 f5 24. exf6 gxf6 25. Kh2 h6 26. a4 f5 27. Nd2 Kf7 28. Rb5 Rg8 29. d5 exd5 30. Nf3 Rge8 31. Ne5+ Nxe5 32. fxe5 Re6 33. Qf1 d4 34. cxd4 Rg6 35. Qxf5+ Ke8 36. Bf4 c3 37. e6 1-0